[Event "HUN-ch 55th"]
[Site "Kazincbarcika"]
[Date "2005.05.16"]
[Round "7"]
[White "Berkes, Ferenc"]
[Black "Cao, Sang"]
[Result "1-0"]
[WhiteElo "2617"]
[BlackElo "2488"]
[Annotator "Stohl,I"]
[PlyCount "85"]
[EventDate "2005.05.10"]
[EventType "tourn"]
[EventRounds "9"]
[EventCountry "HUN"]
[EventCategory "12"]
[SourceTitle "CBM 107"]
[Source "ChessBase"]
[SourceDate "2005.08.01"]
[SourceVersion "1"]
[SourceVersionDate "2005.08.01"]
[SourceQuality "1"]

1. d4 Nf6 2. c4 c5 3. d5 b5 4. cxb5 a6 5. bxa6 Bxa6 6. Nc3 d6 7. Nf3 g6 8. g3
Bg7 9. Bg2 Nbd7 10. Rb1 O-O 11. b3 ({The immediate} 11. O-O {is considered
better, White moves his pawn to b3 only when he is fully prepared.} Qa5 (11...
Ne8 12. Qc2 Nc7 13. a4 $5 (13. Rd1 Nb6 14. e4 Nb5 15. Nxb5 (15. Ne2 $5 $14)
15... Bxb5 16. b3 Qc8 17. Bg5 Re8 18. a4 $6 Nxa4 19. bxa4 Bxa4 20. Qc4 Bxd1 21.
Rxd1 Qa6 22. Qxa6 Rxa6 23. Bf1 Ra1 24. Rxa1 Bxa1 25. Nd2 Kg7 26. h4 f6 27. Be3
h5 $44 {/+/=,Tregubov,P-Gharamian,T/FRA-chT Clichy/2004/}) 13... Bb7 14. Rd1
Nb6 15. e4 Na6 16. b3 Nb4 17. Qd2 Ba6 18. Ba3 Nd3 19. Bf1 c4 20. Bxd3 cxd3 21.
Ne1 f5 22. Nxd3 Nd7 23. exf5 Rxf5 24. Nb4 Ne5 25. Kg2 Qc8 26. f4 Nf3 27. Kxf3
Bxc3 28. Nc6 $1 $18 {Grischuk,A-Tregubov,P/FRA-chT Noyon/2005/}) 12. Bd2 Rfb8
13. Qc2 Ne8 (13... Ng4 14. a4 Nge5 15. Nxe5 Nxe5 16. b3 Qc7 (16... Qd8 17. Rfe1
Ra7 18. h3 Rab7 19. Na2 Qc8 20. f4 Nd7 {Kramnik,V-Van Wely,L/Monte Carlo blind/
2003/} 21. Bc3 (21. b4 $1 $16) 21... Bxc3 22. Qxc3 Rb6 23. e4 Qb7 24. Re3 Qa7
25. Kh2 c4 $6 26. b4 Nc5 27. Qc2 Bc8 28. a5 Rb5 29. Qxc4 $18 {Ushenina,A-Zhang
Jilin/WChJW Kochin/2004/}) 17. Rfe1 (17. Rfc1 Rb7 18. Bf1 Rab8 19. h3 Qc8 20.
Nb5 Bxb5 21. axb5 Rxb5 $1 22. f4 Nd7 23. e4 Bd4+ 24. Kg2 Rb4 25. Be2 Qd8 26.
Bxb4 Rxb4 $44 {Epishin,V-Cherniaev,A/Nice op/2002/}) 17... Ra7 18. f4 Nd7 19.
e4 Rab7 20. Kh1 $14 c4 $6 21. b4 $1 Rxb4 22. Nb5 $16 {Savchenko,S-Heine,R/
Senden op/2002/}) 14. Rfe1 Nc7 15. a4 $1 Qb6 16. b3 $1 Bxc3 17. Bxc3 Nxd5 18.
Ne5 Nxe5 19. Bxd5 Bb7 20. Bxb7 Rxb7 21. Bxe5 dxe5 22. Rec1 f6 23. Qe4 Kg7 24.
Rc3 $14 {[%csl Rc5,Re5,Re7] ק,Kramnik,V-Topalov,V/Wijk aan Zee/2003/ White's
better pawn-structure gives him a permanent advantage.}) 11... Qa5 12. Bd2 Rfb8
13. O-O Ng4 $6 ({The main reason why White tries to postpone b3 is} 13... Qa3
$142 $1 {, Cao Sang learned his lesson and successfully employed this move at
the EUR-ch:} 14. Qc2 (14. Bc1 Qa5 15. Bb2 Ne8 16. Qc2 c4 17. b4 $6 (17. Rfd1
Nc5 18. Ba1 Rb4 19. Nd2 cxb3 20. axb3 Nc7 21. Bf1 Bc8 22. e4 Qa7 23. Na4 Nxa4
24. Bxg7 Kxg7 25. bxa4 Rxa4 26. Qc3+ Kg8 27. Rdc1 Ne8 28. Nc4 Ra2 $11 {Epishin,
V-Krivoshey,S/Graz op/2001/}) 17... Rxb4 18. Ba1 Rab8 19. Rxb4 Rxb4 20. Rd1 Nc5
21. Qd2 Qb6 22. Qe3 Bf6 23. g4 Na4 24. Nd4 $2 (24. Qxb6 $13) 24... Bxd4 25.
Rxd4 Rb1+ $1 26. Nxb1 Qxb1+ 27. Bf1 Qxa1 $19 {Gurevich,M-Cao Sang/EUR-ch
Warsaw/2005/,/\} 28. Qxe7 Qxd4 29. Qxe8+ Kg7 30. Qxa4 Qd2 $1 $19 {[%csl Gc4]
o^c4}) 14... Nb6 15. Bc1 Qa5 16. Rd1 Ne8 $5 17. Bb2 (17. Bd2 Qa3 18. e4 Bc8 19.
h3 Bd7 20. Bc1 Qa5 21. Bd2 Qa3 22. Bc1 Qa5 23. Bb2 Nc7 24. a3 Qa6 25. Bf1 Qc8
26. Kh2 f5 $1 $132 {0-1 Avrukh,B-Ponomariov,R/Batumi 1999/CBM 74 (39)}) 17...
Bc8 18. e4 $5 (18. Rbc1 Nc7 19. Qd2 Bd7 20. e4 Nb5 21. Qd3 Bg4 22. Rd2 Bxf3 23.
Bxf3 Nd7 24. Nxb5 Bxb2 25. Rxb2 Rxb5 $14 {/~~,Barsov,A-Mensch,E/Metz/2002/})
18... Bg4 (18... Nc7 $142) 19. Qc1 Bxc3 $6 20. Bxc3 Qxa2 21. e5 Nd7 22. exd6
Nxd6 23. Re1 $36 {Kruppa,Y-Averjanov,A/Alushta/2001/}) 14. Qc2 Qd8 (14... Qa3
$142 $5) 15. h3 Ngf6 $6 {[%mdl 32] Now Black's 13-th move transpires as a loss
of time and White can use a stratgem, unusual for the Volga - he starts
playing on the <<.} (15... Nge5 16. Nxe5 Nxe5 17. Rfe1 $36 {is similar to
Kramnik-Van Wely above, with the Q already chased away from a5 White can play
a4 later on at the moment of his choice.}) 16. Rfe1 Ne8 17. a4 Nc7 18. e4 Ra7
19. Na2 $1 $16 {[%cal Yd2c3,Rb3b4] /\Bc3,b4} e6 20. b4 ({Simpler was} 20. dxe6
$142 $5 Nxe6 21. b4 cxb4 22. Nxb4 $16) 20... exd5 21. b5 dxe4 (21... Bc8 $5 22.
Nc3 (22. exd5 Nb6 $5 23. a5 Bf5 $132) 22... d4 23. Ne2 $14) 22. Ng5 d5 $5 {
Black must resort to tactics,} (22... Bc8 23. Nxe4 $16 {is depressing.} d5 $140
24. Nxc5 Nxc5 25. b6 $1) 23. bxa6 h6 {Black regains the piece, but Berkes
keeps his calm.} 24. Nxe4 dxe4 25. Nc3 $1 {White cleverly activates his N
before recapturing the Pe4.} Rxa6 (25... f5 26. Nb5 Nxb5 (26... Rxa6 $2 27.
Nxc7 Qxc7 28. Qc4+ $18) 27. axb5 $16) (25... Bxc3 26. Rxb8 Qxb8 27. Qxc3 $18 {
/\Bh6,Be4}) (25... Nxa6 26. Nb5 $1 Rab7 27. Bxe4 Rb6 28. Ba5 $18) 26. Nxe4 $16
{[%csl Ga4,Gd2,Gg2] With his ^^ and a distant o^ White has a clear advantage.}
Ne6 27. a5 Rxb1 28. Rxb1 Ra7 29. Kh1 $5 {Avoids any future tricks with Ne2(f3)
+.} (29. Qd3 Nd4 {[%cal Rd7e5] /\Ne5}) 29... Kh7 (29... Nd4 30. Qc4 Nc6 31. Nd6
$16) 30. Be1 {Too passive.} (30. Qd3 $142 $16) 30... Nf6 31. Qc4 Nxe4 32. Bxe4
Qc8 (32... Qd6 33. Bg2 $16) 33. h4 (33. Bg2 $5) 33... Nd4 34. Bg2 Qf5 35. Rc1
Re7 $6 {Black should have kept an eye on the o^.} (35... Nf3 $142 $14 {/\} 36.
Bc3 Nd4) 36. a6 g5 37. Qd5 $1 Re5 $2 (37... gxh4 38. Qxf5+ Nxf5 39. Bb7 $18) (
37... Qc8 $8 $16) 38. Qxe5 Qxe5 39. a7 $18 gxh4 40. a8=Q f5 41. Qd5 Qe2 42.
gxh4 c4 43. Qxc4 1-0

[Event "FRA-ch"]
[Site "Aix les Bains"]
[Date "2003.08.20"]
[Round "3"]
[White "Dorfman, Josif D"]
[Black "Degraeve, Jean Marc"]
[Result "1/2-1/2"]
[WhiteElo "2607"]
[BlackElo "2541"]
[Annotator "Stohl,I"]
[PlyCount "128"]
[EventDate "2003.08.18"]
[EventType "tourn"]
[EventRounds "11"]
[EventCountry "FRA"]
[EventCategory "13"]
[SourceTitle "CBM 097"]
[Source "ChessBase"]
[SourceDate "2003.11.11"]
[SourceVersion "1"]
[SourceVersionDate "2003.11.11"]
[SourceQuality "1"]

1. d4 Nf6 2. c4 c5 3. d5 b5 4. cxb5 a6 5. bxa6 Bxa6 6. Nc3 d6 7. Nf3 g6 8. g3
Bg7 9. Bg2 O-O (9... Nfd7 $5 $146 10. O-O Nb6 11. Qc2 N8d7 12. Rd1 O-O 13. e4 (
13. b3 $6 Bxe2 $1 14. Qxe2 Bxc3 15. Rb1 Bg7 16. h4 Nf6 17. Ng5 Qc7 18. Be3 Rfb8
19. Rbc1 Qd8 20. Rc2 Ra7 21. Bc1 Rba8 22. Nh3 $13 {Ezat,M-Kasparov,S/Abu Dhabi/
2003/}) 13... Nc4 14. Nd2 Nxd2 15. Bxd2 Ne5 16. Be1 Qb6 17. Rab1 c4 18. b4 cxb3
19. Qxb3 Qa7 20. a4 Bc4 21. Qc2 Rfc8 22. Rb4 Rab8 $44 {Burmakin,V-Kasparov,S/
Deizisau op/2003/}) 10. O-O Nbd7 11. Rb1 Nb6 (11... Qa5 12. Bd2 (12. Qc2 Nb6
13. Nh4 Nfd7 14. Bg5 Rfe8 15. Rfc1 Bc4 16. Bd2 Qa6 17. b3 Bxe2 18. Nxe2 Qxe2
19. Re1 Qa6 20. a4 c4 21. a5 {El Arousy,A-Sadathajafi,M/Abu Dhabi/2003/} c3 $1
22. Bxc3 Rac8 23. Re3 Bxc3 24. Rxc3 Qxa5 $15) 12... Rfb8 13. Qc2 Ne8 14. Rfe1
Nc7 15. a4 $1 Qb6 16. b3 Bxc3 17. Bxc3 Nxd5 18. Ne5 Nxe5 19. Bxd5 Bb7 20. Bxb7
Rxb7 21. Bxe5 dxe5 22. Rec1 f6 23. Qe4 Kg7 24. Rc3 Rab8 25. Qc2 Qe6 26. a5 $36
{Kramnik,V-Topalov,V/Wijk aan Zee/2003/}) 12. b3 Ne8 $5 (12... Ra7 13. Re1 (13.
a4 Qa8 14. Nh4 Rb8 15. Bb2 Nbd7 16. Ba1 Ne5 17. Qc2 Rab7 18. Rfd1 Qa7 19. Bf1
Ne8 $6 (19... c4 $5 $132) 20. Ne4 Rb6 21. Nd2 Nd7 22. Bxg7 Kxg7 23. Nhf3 Nef6
24. e4 Rb4 25. Bxa6 Qxa6 26. Nc4 Nb6 27. Nfd2 $16 {Piket,J-Topalov,V/Wijk aan
Zee/1999/}) 13... Qa8 14. e4 Bb7 (14... Ng4 $142 $5 15. Bb2 Rb8 $13) 15. a4 Rc8
16. Bh3 Nfd7 17. Nb5 Ra6 18. Bg5 Kf8 19. Qd2 c4 20. Rec1 Nc5 21. Bxc8 Qxc8 22.
bxc4 Nbxa4 23. Qe3 $18 {Bacrot,E-Fontaine,R/FRA-ch Val d'Isere/2002/}) 13. Bb2
Nc7 14. Qd2 $146 (14. Nh4 Bb7 (14... Qd7 15. Qd2 Nb5 (15... Ra7 16. Rfe1 Nb5
17. Nxb5 Qxb5 18. Bxg7 Kxg7 19. a4 Qe8 20. e4 f6 21. f4 e5 22. dxe6 Qxe6 23. a5
$16 {Pytel,K-Bielczyk,J/POL-chT/1975/}) 16. Nxb5 Qxb5 17. Bxg7 Kxg7 18. Rfe1
Bb7 19. a4 $1 $16 (19. e4 Qb4 $1 20. Qb2+ Kg8 21. Nf3 Ra3 22. Bf1 Rfa8 23. Ra1
Qa5 24. Re2 Ba6 $44 {1/2,Kiseleva,N-Kummerow,H/Recklinghausen/2002/})) 15. Qd2
(15. e4 $5 Bxc3 16. Bxc3 Rxa2 17. Ra1 $14) 15... Bxc3 16. Bxc3 (16. Qxc3 $142
f6 17. e4 Rxa2 18. Ra1 $14) 16... Nbxd5 17. Ba1 Ra7 18. b4 Nf6 $1 19. Bxf6 exf6
20. Rfd1 Bxg2 21. Nxg2 Ne6 $132 {1/2,Timoshenko,G-Derjabin,I/Alushta/2001/})
14... Ra7 15. Rfe1 Bb7 16. e4 Qa8 (16... f5 17. Ng5 $5 $36) 17. a4 Nd7 (17...
f5 $2 18. exf5 Ncxd5 19. Nb5 $16) 18. Nd1 (18. Nb5 $5 Nxb5 19. Bxg7 Kxg7 20.
axb5 Ra5 21. Bf1 $14 {[%cal Rb3b4] /\b4|^}) 18... Nf6 $1 {Black must try to
avoid exchanges and keep both White's [+] and << under pressure.} (18... Bxb2
19. Nxb2 Nb6 20. b4 $5 (20. Qh6 f6 21. Nd2 $16) 20... Nxa4 21. Nxa4 Rxa4 22.
bxc5 dxc5 23. Ne5 $16) 19. Bc3 (19. b4 cxb4 (19... Rxa4 20. bxc5 Nxe4 21. Rxe4
Rxe4 22. Bxg7 Kxg7 23. Qb2+ $16) 20. Qxb4 Na6 (20... Rxa4 $2 21. Qb6 $16 {
wins a piece.}) 21. Qd2 Nc5 $132) 19... Rb8 20. Nb2 {[%mdl 64] Now the
position explodes tactically and Black gets a lot of play.} (20. Qc2 $5 {
[%cal Rd1e3,Re3c4] /\Ne3-c4} e6 21. dxe6 Nxe6 (21... Bxe4 22. exf7+ Kf8 23. Qd2
$1 Qd5 24. Bxf6 Qxd2 25. Nxd2 Bxb1 26. Be7+ Kxf7 27. Bxd6 $16) 22. Nd2 $14)
20... Nxe4 {Gains a handful of P and activity for the piece. Although the
sacrifice probably isn't fully correct, it certainly was a shock for White.}
21. Rxe4 Bxd5 $6 (21... Bxc3 $142 22. Qxc3 Nxd5 (22... Bxd5 23. Rxe7 Nb5 24.
Rxa7 Nxc3 25. Rxa8 Bxa8 26. Re1 $18) 23. Qe1 Nc3 24. Rxe7 Nxb1 25. Qxb1 Bxf3
26. Rxa7 $1 (26. Bxf3 Qxf3 27. Rxa7 Qxb3 28. Re7 c4 $1 $11) 26... Qxa7 27. Bxf3
Rxb3 28. Bd5 $14 {/+/-}) 22. Re3 $2 (22. Rxe7 $1 Bxc3 (22... Bxf3 23. Qf4 $1
Bd5 24. Bxg7 Kxg7 25. Rd1 $1 $18) 23. Qxc3 Rxb3 24. Qf6 Ne8 25. Rxe8+ $5 (25.
Rxa7 Qxa7 26. Qd8 Rb8 27. Qh4 $16) 25... Qxe8 26. Nd2 Bxg2 27. Nxb3 $16 {
White remains a piece up and Black has no real compensation.}) 22... Bh6 $44
23. Nd3 Ne6 (23... e5 24. Nde1 Rxa4 $5 (24... Bxe3 25. Qxe3 {/\} Rxa4 $2 26.
Nxe5 $1 Bxg2 27. Nd7 Nd5 28. Qh6 $40) 25. Qd1 Ra3 $13) 24. Qd1 Bxe3 25. fxe3
Ng5 $5 26. Nxg5 (26. Nde1 Ne4 $36) 26... Bxg2 27. Qg4 (27. Nf4 Bc6 28. Qg4 e5
29. Qh3 f5 $1 $36) (27. Nf2 $5 Qd5 (27... Bc6 28. Ng4 $40) 28. e4 $14) 27...
Rxa4 $5 28. Qxa4 Qxa4 29. bxa4 Rxb1+ 30. Kxg2 Rb3 31. Ne4 f5 32. Nc1 Rb1 (32...
Ra3 $5 33. Bb2 Rxa4 34. Nc3 Rb4 $14 {/~~}) 33. Nxd6 $1 Rxc1 $6 (33... exd6 34.
Ne2 Rb3 35. a5 Ra3 $13) 34. Nb5 $36 {[%csl Ga4] o^a4} Rc2+ 35. Kf3 $1 Rxh2 36.
a5 Ra2 37. Kf4 {[%cal Rf4e5,Re5c5] /\Ke5-d5-c5} Ra4+ 38. Ke5 h5 $1 (38... Re4+
$2 39. Kd5 Rxe3 40. a6 Re2 41. Kxc5 Ra2 42. Kb6 g5 43. a7 {[%cal Rc3a5] /\Ba5+-
} Rxa7 44. Nxa7 $18) 39. Nc7 $6 (39. Kd5 $142 $5 g5 40. Kxc5 h4 41. gxh4 gxh4
42. Nd4 $1 (42. Kb6 $2 f4 $1 {[%csl Gh4] o^h4} 43. Nd4 Rxd4 44. Bxd4 h3 $19)
42... f4 (42... h3 43. Nf3 Ra3 44. Kb4 $16) 43. exf4 h3 44. Nf3 Ra2 $5 $14 {/\}
(44... Rxf4 45. Nh2 Rf2 46. Be5 $16) 45. Kb5 e5 $5 (45... h2 46. Nxh2 Rxh2 47.
a6 Ra2 48. Kb6 $18) (45... Rf2 46. a6 Rxf3 47. a7 $18) 46. a6 $1 (46. Bxe5 $2
Rf2 47. a6 Rxf3 $19) 46... e4 47. Nh2 $5 Kf7 $1 48. Kb6 Rxh2 49. a7 Ra2 50. Ba5
Rxa5 $1 51. Kxa5 h2 $11) 39... Ra3 (39... g5 40. Kxf5 h4 41. gxh4 gxh4 42. a6
h3 43. Be5 Kf7 $14) 40. Bd2 ({After} 40. Nb5 Ra2 $1 {Black has an extra tempo,
compared to 39.Kd5-this should be sufficient to draw easily.} (40... Rb3 $2 41.
a6 Rxb5 42. a7 $18) (40... Ra4 41. Kd5 {-39.Kd5}) 41. Kd5 (41. Ke6 $5) 41... g5
42. Kxc5 h4 43. gxh4 gxh4 44. Nd4 h3 (44... f4 $5) 45. Nf3 h2 46. Nxh2 Rc2 $1
47. Kc4 Rxh2 48. a6 Ra2 49. Kb5 Kf7 50. Kb6 Ra3 51. Ba5 Rb3+ 52. Kc5 Rb8 53.
Kc6 Ra8 54. Kb7 Rxa6 55. Kxa6 Ke6 56. Bb4 f4 57. exf4 Kf5 58. Bd2 e5 $11) 40...
c4 41. a6 $6 {Now White will have to fight for a draw.} (41. Nd5 $142 $14)
41... c3 42. Bxc3 (42. Bc1 $2 Ra1 $19) (42. Be1 c2 43. Bd2 Ra1 44. e4 e6 $5 $15
) 42... Rxc3 43. a7 Rxe3+ 44. Kf4 Re4+ 45. Kf3 (45. Kg5 $4 Kh7 46. a8=Q Rg4#)
45... Ra4 46. a8=Q+ Rxa8 47. Nxa8 $15 Kf7 (47... g5 48. Nb6 e5 49. Nd7 (49. Nc4
e4+ 50. Ke3 Kg7 51. Nd6 Kg6 52. Kd4 Kf6 $1 $17) 49... e4+ 50. Ke3 Kf7 51. Nc5
Kf6 (51... Kg6 52. Nxe4 fxe4 53. Kxe4 Kf6 54. Kf3 {/\} Kf5 55. g4+ $1 $11) 52.
Kd4 (52. Nxe4+ $2 fxe4 53. Kxe4 Ke6 $22 $19) 52... Kg6 (52... h4 53. gxh4 gxh4
54. Nxe4+ $11) 53. Ke5 (53. Nxe4 $11) 53... e3 54. Nd3 e2 55. Kd4 h4 56. gxh4
gxh4 57. Ke3 $11) 48. Nb6 g5 (48... e5 49. Nd7 Ke6 50. Nf8+ $11) 49. Nd7 Ke6
50. Nf8+ Ke5 51. Nh7 g4+ 52. Ke3 e6 (52... f4+ 53. gxf4+ Kf5 54. Nf8 h4 55. Kf2
e6 56. Kg2 $11) (52... h4 53. gxh4 f4+ 54. Kf2 Kf5 55. h5 g3+ (55... e5 56. h6
Kg6 57. Ng5 Kxh6 58. Nf7+ $11) 56. Kg2 Kg4 57. h6 f3+ (57... Kh5 58. Ng5 Kxh6
59. Ne6 $11) 58. Kg1 f2+ (58... Kh5 59. Ng5 $11) 59. Kf1 Kh5 60. Ng5 Kxh6 61.
Ne4 $11) 53. Nf8 Kf6 54. Nd7+ Kg5 (54... Ke7 $6 55. Ne5 Kd6 56. Kf4 Kd5 57. Nf7
Kd4 58. Ng5 Kd5 59. Nh7 Kd4 60. Nf6 e5+ $8 61. Kxf5 h4 62. gxh4 g3 63. Ne4 g2
64. Ng5 Ke3 65. Nh3 Kf3 66. h5 Kg3 67. Ng1 Kf2 $11) 55. Nc5 e5 56. Ne6+ Kg6 (
56... Kf6 57. Nc5 Ke7 58. Nd3 Kd6 59. Kf2 Kd5 60. Ke3 $11) 57. Nc5 h4 $5 {
The last try, otherwise White draws easily.} (57... Kg5 58. Nd3 (58. Ne6+ $11)
58... e4 59. Ne1 h4 60. gxh4+ Kxh4 61. Kf4 $11 {-57...h4!?}) 58. gxh4 Kh5 59.
Nd3 e4 60. Ne1 Kxh4 61. Kf4 g3 62. Kxf5 Kh3 63. Kxe4 g2 64. Nxg2 Kxg2 1/2-1/2

[Event "American Continental 3rd"]
[Site "Buenos Aires"]
[Date "2005.08.08"]
[Round "3"]
[White "Granda Zuniga, Julio E"]
[Black "Gurevich, Dmitry"]
[Result "1-0"]
[WhiteElo "2601"]
[BlackElo "2515"]
[Annotator "Stohl,I"]
[PlyCount "117"]
[EventDate "2005.08.06"]
[EventType "swiss"]
[EventRounds "11"]
[EventCountry "ARG"]
[SourceTitle "CBM 109"]
[Source "ChessBase"]
[SourceDate "2005.11.14"]
[SourceVersion "1"]
[SourceVersionDate "2005.11.14"]
[SourceQuality "1"]

1. d4 Nf6 2. c4 c5 3. d5 b5 4. cxb5 a6 5. bxa6 g6 6. Nc3 Bxa6 7. g3 d6 8. Bg2
Bg7 9. Nf3 Nbd7 10. O-O O-O 11. Qc2 Ra7 {Practice has shown this set-up is not
too effective. Contrary to the lines with 7.e4, here the Q on a8 doesn't
create pressure on the /^a8-h1 against White's K on g2, ideas like e6 are out
of question due to the Bg2.} 12. Rd1 Qa8 13. e4 (13. Rb1 {[%cal Yb2b3] /\b3}
Bc4 14. a3 $1 $36 Rb8 (14... Bxd5 15. Nxd5 Nxd5 16. Nd2 e6 17. Nc4 $16) 15. Nd2
$14) 13... Ng4 (13... Rb8 14. Rb1 Ng4 15. h3 (15. b3 Nge5 16. Nxe5 Nxe5 17. h3
c4 18. bxc4 (18. b4 $1 Nd3 19. Be3 $16) 18... Rxb1 19. Nxb1 Bxc4 $11 20. a3 $2
{Grivas,E-Tayeb,S/Novi Sad olm/1990/} Rb7 $1 {[%cal Rc4b3] /\Bb3-+}) 15... Nge5
16. Ne1 $1 {Perhaps Granda was influenced by this game?} Bc8 17. b3 Nb6 18. Kh2
Ned7 19. Bg5 Nf8 20. a4 h6 21. Be3 Rd7 22. f4 Qa5 23. Nb5 Na8 24. Nd3 Ba6 25.
b4 $1 $18 {Golod,V-Freeke,C/Vlissingen/1998/}) (13... Nb6 14. Rb1 Nfd7 15. b3
Rb8 16. Bb2 Nf6 17. h3 Ne8 18. Re1 Nc7 19. Nd1 Bxb2 20. Rxb2 e6 21. dxe6 Nxe6
22. Nc3 Re8 23. Qd1 Rd7 24. Rd2 Qd8 25. a4 $16 {Stohl,I-Devcic,D/CRO-chT2 Pula/
1999/}) 14. Rb1 $146 {[%mdl 12] Granda plays patiently and doesn't commit
himself prematurely. This model game is instructive in how White gradually
extinguishes all Black's <=> and then starts exchanging pieces one by one,
until he reaches a won _|_.} (14. b3 Rb8 15. Bb2 (15. Rb1 $142 {-Grivas-Tayeb})
15... c4 $5 16. Nd4 (16. Na4 $5 {/\} Bb5 17. Bxg7 Kxg7 18. Nc3 cxb3 19. Qb2 $14
) 16... Bxd4 $1 17. Rxd4 Nge5 18. Rb1 Nc5 19. bxc4 Bxc4 20. Bc1 Rxb1 21. Qxb1
Bd3 22. Qb4 Rb7 23. Qa3 Qb8 24. Bf4 Rb2 $36 25. Bxe5 $2 dxe5 26. Rxd3 Nxd3 27.
Qxe7 Qb6 {0-1,Whiteley,A-Sahu,S/London/1987/}) 14... Nde5 15. Ne1 $1 {White
controls d3 and wants to win tempi by kicking around Black's N.} f5 {This
doesn't achieve the desired result and only weakens Black's >>.} (15... Rb8
$142) 16. h3 Nh6 (16... Nf6 17. f4 Nf7 18. exf5 $18) 17. f4 Nc4 18. b3 (18. e5
$5 dxe5 19. b3 e4 20. bxc4 Bd4+ 21. Kh2 Bxc4 22. Nxe4 $1 Bxa2 23. Nxc5 Bxb1 24.
Qc4 $1 {[%cal Rd5d6] /\d6+- is also good, but White prefers to keep it simple.}
) 18... Nb6 (18... Bd4+ $5 19. Kh2 (19. Rxd4 cxd4 20. bxc4 dxc3 21. Qxc3 fxe4
22. Bb2 Rf6 23. Bxe4 $36) 19... Nb6 (19... Ne3 20. Bxe3 Bxe3 21. Nf3 $18 {
[%csl Re3] ץe3}) 20. Nf3 $5 fxe4 (20... Bxc3 21. Qxc3 fxe4 22. Bb2 Rf6 23. Ng5
$40 {/\} Bd3 24. Rxd3 exd3 25. Ne4 $18) 21. Nxd4 cxd4 22. Rxd4 Bd3 23. Rxd3
exd3 24. Qxd3 $16) 19. e5 $1 $16 dxe5 20. fxe5 Qb8 (20... Nf7 21. b4 $5 $16 (
21. e6 $16)) 21. Nf3 Nf7 22. e6 Ne5 23. Bf4 Nxf3+ 24. Bxf3 Be5 25. Qd2 {
White prepares simplification, but only at his own terms.} g5 26. Bxe5 Qxe5 27.
Kg2 $1 (27. Qxg5+ $2 Kh8 $132 {[%cal Re5c3,Rf8g8] /\Qc3,Rg8}) 27... h6 28. Re1
Qd4 29. Rbd1 $1 (29. Qxd4 $2 cxd4 30. Ne2 d3 31. Nd4 Bb7 $14) 29... Qxd2+ (
29... Qf6 30. d6 $18) 30. Rxd2 Nc8 31. g4 $1 (31. Na4 c4 32. Nc5 cxb3 33. axb3
Bb5 $16) 31... Nd6 32. gxf5 Nxf5 33. Be4 Nd6 (33... Nh4+ 34. Kg3 $18 {only
misplaces the N.}) 34. Bc2 Bb7 35. a4 {/\Ne4} Ra6 36. Ne4 $18 Nxe4 37. Bxe4 Rd8
{[%cal Ra6e6] /\Re6} 38. Kg3 Rb6 39. Re3 Ba6 40. Rc2 Rdb8 (40... Rc8 41. h4 $18
{->}) 41. Rxc5 Rxb3 42. Rxb3 Rxb3+ 43. Kg4 Kg7 {[%cal Yg7f6]} 44. Kf5 $1 {
Prevents Kf6 and traps Black's K in a mating net.} Bd3 (44... Rxh3 45. d6 $1
Rb3 (45... exd6 46. Rc7+ {/\e7-e8Q}) 46. Rc7 $18) 45. Rc8 {[%cal Rd5d6] /\d6}
Bxe4+ 46. Kxe4 Rb4+ (46... Kf6 47. Rf8+ $18) 47. Kf5 Rf4+ 48. Ke5 Rf1 (48...
Rxa4 49. Rc7 (49. Re8 Ra7 50. Rxe7+ $2 Rxe7 51. d6 Kf8 $11) 49... Kf8 50. Kf5 {
[%cal Rf5g6] /\Kg6+-}) 49. d6 Re1+ (49... exd6+ 50. Kd5 $1 Rd1+ (50... Re1 51.
a5 $18) 51. Kc6 Re1 52. Kd7 $18) 50. Kf5 exd6 51. Rc7+ Kf8 52. a5 Rf1+ 53. Kg6
Ra1 54. Ra7 ({Even more incisive was} 54. a6 $1 Rxa6 55. Kf6 Ra8 56. Rg7 $18)
54... Re1 55. e7+ Ke8 (55... Rxe7 56. Rxe7 Kxe7 57. a6 $18) 56. a6 d5 57. Kf6
Rf1+ 58. Ke6 Re1+ 59. Kd6 (59. Kd6 Kf7 60. Rc7 $1 Re6+ 61. Kd7 Rxe7+ 62. Kc6
$18) 1-0